000 01377nam2a22002651 4500
001 RU\NLR\INFOCOMM31\1000050816
005 20040428095008.0
035 _a(NLR Aleph) 002513560
090 _a2700627
_c2700627
100 _a20040428d1989 |||y0rusy50 ca
101 0 _arus
102 _aRU
105 _ay |||||||||
200 1 _aКрупномасштабное получение моноклональных антител
_fГ.Ф. Лапина и др.
210 _d1989
309 _aНа обл. год изд.: 1990
461 0 _1001RU\NLR\INFOCOMM31\1000050806
_12001#$aМикробиологическое производство$eОбзор. информ.$fМ-во мед. пром-сти СССР. Науч.-произв. об-ние "Медбиоэкономика". ВНИИсистем упр., экон. исслед. и НТИ$v1989, Вып.3
_92700540
_cМ.
_d1987-
_fМ-во мед. пром-сти СССР. Науч.-произв. об-ние "Медбиоэкономика". ВНИИсистем упр., экон. исслед. и НТИ
_oОбзор. информ.
_tМикробиологическое производство
_v1989, Вып.3
700 1 _aЛапина
_bГ. Ф.
_4070
801 0 _aRU
_bNLR
_gPSBO
801 1 _aRU
_bInfoComm
_c20040428
852 _aNLR
_jП10/6420
942 _cISSUE
980 _aNB
980 _aRUSPER